01607nam a2200313 a 4500001001200000003000800012006001900020007001500039008004100054020001800095020001500113040002100128035002100149050002400170110009100194245032900285260005700614300003500671504004100706533015200747650003500899650003400934650002300968655002900991710011101020710001701131856012601148999001901274ebr10425177CaPaEBRm u cr cn|||||||||101202s2010 dcua sb 000 0 eng d z9780309153041 z0309153042 aCaPaEBRcCaPaEBR a(OCoLC)68163373414aTA1570b.N38 2010eb2 aNational Research Council (U.S.).bCommittee on Developments in Detector Technologies.10aSeeing photonsh[electronic resource] :bprogress and limits of visible and infrared sensor arrays /cCommittee on Developments in Detector Technologies, Standing Committee on Technology Insight--Gauge, Evaluate, and Review, Division on Engineering and Physical Sciences, National Research Council of the National Academies. aWashington, D.C. :bNational Academies Press,c2010. axx, 174 p. :bill. (some col.) aIncludes bibliographical references. aElectronic reproduction.bPalo Alto, Calif. :cebrary,d2010.nAvailable via World Wide Web.nAccess may be limited to ebrary affiliated libraries. 0aInfrared technologyxResearch. 0aInfrared detectorsxResearch. 0aPhotonsxResearch. 7aElectronic books.2local2 aNational Research Council (U.S.).bStanding Committee for Technology Insight--Gauge, Evaluate, and Review.2 aebrary, Inc.40uhttp://site.ebrary.com/lib/rucke/Doc?id=10425177zAn electronic book accessible through the World Wide Web; click to view c143246d143246